[Event "FRA T IV 0910"]
[Site "Midi-Pyrénées"]
[Date "2009.10.18"]
[Round "?"]
[White "Carassus, Jean Louis"]
[Black "Martinez, Loic"]
[Result "1-0"]
[WhiteElo "1713"]
[BlackElo "1840"]
[PlyCount "89"]
[EventDate "2009.10.18"]
[EventType "team-match"]
[EventCountry "FRA"]

1. e4 e5 2. Nc3 Nc6 3. Bc4 Nf6 4. d3 Bb4 5. a3 Bxc3+ 6. bxc3 d6 7. Ne2 Be6 8.
Bxe6 fxe6 9. O-O Qd7 10. Ng3 h5 11. f4 h4 12. Nh1 O-O-O 13. Nf2 exf4 14. Bxf4
Qf7 15. Nh3 Qg6 16. Qe2 Qg4 17. Qxg4 Nxg4 18. Bg5 Rdf8 19. Rxf8+ Rxf8 20. Bxh4
Ne3 21. Rc1 d5 22. Bg5 Ng4 23. Nf4 dxe4 24. h3 e5 25. Nd5 Rf5 26. Bh4 Nf6 27.
Bxf6 gxf6 28. dxe4 Rg5 29. Nxf6 Na5 30. g4 Nc4 31. h4 Rg6 32. g5 Nxa3 33. Kf2
Nb5 34. c4 Nd6 35. c5 Rxf6+ 36. gxf6 Nxe4+ 37. Kf3 Nxf6 38. Rh1 Kd7 39. h5 Kc6
40. h6 Nh7 41. Ke4 Kxc5 42. Kxe5 a5 43. Rd1 a4 44. Rd7 a3 45. Rxc7+ 1-0

[Event "FRA T IV 0910"]
[Site "Midi-Pyrénées"]
[Date "2009.10.18"]
[Round "?"]
[White "Cremers, Bertrand"]
[Black "Bunjaku, Muhamed"]
[Result "1-0"]
[WhiteElo "1660"]
[BlackElo "1699"]
[PlyCount "140"]
[EventDate "2009.10.18"]
[EventType "team-match"]
[EventCountry "FRA"]

1. e4 c5 2. c3 e5 3. Nf3 Nc6 4. d4 cxd4 5. cxd4 exd4 6. Nxd4 Bb4+ 7. Nc3 Qa5 8.
Nde2 Nf6 9. Bd2 d6 10. a3 Bxc3 11. Bxc3 Qd8 12. Ng3 O-O 13. Bd3 Re8 14. O-O Ne5
15. Bc2 Nfg4 16. h3 Nf6 17. Re1 Qb6 18. Kh1 Qxf2 19. Nf5 Bxf5 20. exf5 Rad8 21.
Bd4 Qh4 22. Bxa7 Nh5 23. Rc1 Ng3+ 24. Kg1 Nc6 25. Rxe8+ Rxe8 26. Bf2 Qg5 27.
Bxg3 Qxg3 28. Qf1 Nd4 29. Kh1 h6 30. Bd3 Re3 31. Rc8+ Kh7 32. f6+ Rxd3 33. fxg7
Kxg7 34. Rc7 Qg6 35. Rxf7+ Qxf7 36. Qxd3 Qf4 37. Qc4 Kf6 38. b4 Qe5 39. Qf1+
Qf5 40. Qc1 Qg5 41. Qf1+ Ke6 42. Qc4+ Qd5 43. Qc8+ Kf7 44. Qd7+ Kf6 45. Qh7 Nf5
46. Qh8+ Kg6 47. Qe8+ Qf7 48. Qe4 d5 49. Qd3 Kg7 50. a4 Qe6 51. Qc3+ d4 52. Qd3
Qe5 53. a5 Ng3+ 54. Kh2 Nf1+ 55. Kg1 Qe3+ 56. Qxe3 Nxe3 57. Kf2 Kf6 58. b5 Nd5
59. a6 bxa6 60. bxa6 Ke5 61. a7 Nb6 62. Ke2 Ke4 63. g4 d3+ 64. Kd1 Ke3 65. h4
d2 66. g5 Kd3 67. a8=Q Nxa8 68. gxh6 Nb6 69. h7 Nd5 70. h8=Q Ne3# 1-0

[Event "FRA T IV 0910"]
[Site "Midi-Pyrénées"]
[Date "2009.10.18"]
[Round "?"]
[White "Phalippou, Philippe"]
[Black "Cuq, Christian"]
[Result "1-0"]
[WhiteElo "1780"]
[BlackElo "1458"]
[PlyCount "81"]
[EventDate "2009.10.18"]
[EventType "team-match"]
[EventCountry "FRA"]

1. c4 c5 2. b4 cxb4 3. d4 Nf6 4. Nf3 g6 5. a3 Bg7 6. axb4 O-O 7. e3 d6 8. Be2
Bf5 9. Nc3 Nc6 10. b5 Nb4 11. O-O a5 12. bxa6 Nxa6 13. Nh4 Bd7 14. Qb3 e6 15.
Qxb7 Qc7 16. Qxc7 Nxc7 17. Ba3 Rfc8 18. Bxd6 Nfe8 19. Bxc7 Nxc7 20. Rfb1 Bf6
21. Nf3 Kg7 22. Ne4 Be7 23. Ne5 Ba4 24. Bd1 Bxd1 25. Rxd1 f6 26. Nc6 Bf8 27. g4
Ra6 28. Rxa6 Nxa6 29. d5 exd5 30. cxd5 Nc7 31. d6 Ne6 32. Nd4 Nxd4 33. Rxd4 Rd8
34. f4 Kf7 35. f5 gxf5 36. gxf5 Bh6 37. Kf2 Bg7 38. Ke2 Rd7 39. Kd3 Ra7 40. d7
Ra3+ 41. Nc3 1-0

[Event "FRA T IV 0910"]
[Site "Midi-Pyrénées"]
[Date "2009.10.18"]
[Round "2.1"]
[White "Pfeifer, Andreas"]
[Black "Noll, Dominik"]
[Result "0-1"]
[WhiteElo "2035"]
[BlackElo "2120"]
[PlyCount "69"]
[EventDate "2009.10.18"]
[EventType "team-match"]
[EventCountry "FRA"]

1. d4 d6 2. e4 Nd7 3. Nc3 e5 4. Nf3 Be7 5. Bc4 c6 6. a4 a5 7. O-O Ngf6 8. Re1
O-O 9. h3 Qc7 10. b3 exd4 11. Nxd4 Ne5 12. Bf1 Rd8 13. f4 Ng6 14. Be3 b6 15.
Qf3 Nd7 16. Rad1 Nc5 17. e5 d5 18. Bf2 f5 19. g3 Nf8 20. h4 g6 21. Nxc6 Qxc6
22. Nxd5 Rxd5 23. Bc4 Be6 24. Rxd5 Ne4 25. Rd6 Bxd6 26. Bxe6+ Nxe6 27. exd6 Rd8
28. c4 Qxd6 29. Kg2 h5 30. Kh3 N6c5 31. Bxc5 Qxc5 32. Re2 Qd4 33. Kg2 Qd1 34.
Qf1 Qxf1+ 35. Kxf1 0-1

[Event "FRA T IV 0910"]
[Site "Midi-Pyrénées"]
[Date "2009.10.18"]
[Round "2.2"]
[White "Moreau, Emilien"]
[Black "Grelier, Gilles"]
[Result "1/2-1/2"]
[WhiteElo "1880"]
[BlackElo "1930"]
[PlyCount "160"]
[EventDate "2009.10.18"]
[EventType "team-match"]
[EventCountry "FRA"]

1. c4 Nf6 2. Nc3 d5 3. d4 g6 4. Nf3 Bg7 5. e3 O-O 6. Bd3 c5 7. O-O cxd4 8. exd4
Nc6 9. Re1 Nb4 10. Bf1 Bf5 11. Nh4 Bg4 12. Qb3 a5 13. Be3 Be6 14. c5 Qc7 15. g3
h6 16. Bf4 Qc8 17. Be5 Nc6 18. Bg2 Nxe5 19. dxe5 Nd7 20. Bxd5 a4 21. Qxb7 Bxd5
22. Qxc8 Rfxc8 23. Nxd5 Rxc5 24. Nxe7+ Kf8 25. e6 Kxe7 26. exd7+ Kxd7 27. Rad1+
Kc6 28. b3 g5 29. Nf3 a3 30. Rc1 Ra7 31. Rxc5+ Kxc5 32. Ne5 f5 33. Nc4 Kb4 34.
Re6 Bb2 35. Rxh6 Rd7 36. Ra6 Rd1+ 37. Kg2 Ra1 38. Nxa3 Rxa2 39. Nc2+ Kxb3 40.
Rxa2 Kxa2 41. Ne3 f4 42. gxf4 gxf4 43. Nd5 Be5 44. Kf3 Kb3 45. Nxf4 Kc4 46. h4
Ba1 47. h5 Kd4 48. Ng6 Kd5 49. Kg4 Ke6 50. f4 Kf6 51. Ne5 Bb2 52. Nd3 Bd4 53.
f5 Be3 54. Nf4 Bd2 55. h6 Bc1 56. Nh5+ Kf7 57. h7 Bb2 58. Kf4 Bc3 59. Ke4 Bb2
60. Kd5 Bc3 61. Kd6 Bb2 62. Kd7 Bh8 63. Nf4 Kf6 64. Ng6 Bg7 65. Ke8 Kxf5 66.
Kf7 Bb2 67. Ne7+ Kg5 68. Ng8 Kf5 69. Ne7+ Kg5 70. Nc6 Kh6 71. Kg8 Ba1 72. Nd8
Bb2 73. Nf7+ Kg6 74. Nd6 Kh6 75. Ne4 Kg6 76. Ng3 Kh6 77. Nf5+ Kg6 78. Ng7 Bxg7
79. h8=B Kh6 80. Bxg7+ Kg5 1/2-1/2

[Event "FRA T IV 0910"]
[Site "Midi-Pyrénées"]
[Date "2009.10.18"]
[Round "2.3"]
[White "Oriot, Patrice"]
[Black "Lacresse, Regis"]
[Result "1/2-1/2"]
[WhiteElo "1970"]
[BlackElo "1938"]
[PlyCount "135"]
[EventDate "2009.10.18"]
[EventType "team-match"]
[EventCountry "FRA"]

1. e4 e5 2. Nf3 Nc6 3. Bb5 Bc5 4. c3 Nf6 5. O-O O-O 6. d4 exd4 7. cxd4 Bb6 8.
Nc3 d5 9. e5 Ne4 10. h3 Be6 11. Re1 h6 12. Na4 Ba5 13. Re3 Ne7 14. Bd3 Nf5 15.
Re2 b5 16. Bxb5 Rb8 17. Bd3 Rb4 18. a3 Rxa4 19. Qxa4 c5 20. dxc5 Nxc5 21. Qc2
Nxd3 22. Qxd3 Bb6 23. b4 g5 24. Bb2 Ng3 25. Ree1 Bf5 26. Qd1 Ne4 27. Nd4 Bd7
28. g4 Qb8 29. Re2 Qxe5 30. Nf5 Qf4 31. Bd4 Bxf5 32. gxf5 Qxf5 33. Bxb6 Nc3 34.
Qe1 Nxe2+ 35. Qxe2 axb6 36. Qe3 Rc8 37. Re1 d4 38. Qxd4 Qxh3 39. a4 Qf5 40. Qe4
Qf6 41. Qe5 Qd8 42. Qb5 h5 43. a5 bxa5 44. bxa5 Rb8 45. Qe5 Ra8 46. Ra1 Ra6 47.
Qb5 Qc8 48. Kh2 f6 49. Qd5+ Kg7 50. Ra4 Kh6 51. Rc4 Qb8+ 52. Kg2 Rd6 53. Qf7
Qa8+ 54. Kh2 Qd5 55. Qxd5 Rxd5 56. Ra4 Rd7 57. a6 Ra7 58. Kg3 Kg6 59. Ra5 f5
60. Ra4 Kf6 61. Ra5 Ke6 62. f4 h4+ 63. Kh3 gxf4 64. Kxh4 Kf6 65. Kh3 Kg5 66.
Kg2 Kg4 67. Ra4 Kh5 68. Rxf4 1/2-1/2

[Event "FRA T IV 0910"]
[Site "Midi-Pyrénées"]
[Date "2009.10.18"]
[Round "2.4"]
[White "Misiaszek, Stefan"]
[Black "Saunders, Mark"]
[Result "0-1"]
[WhiteElo "1700"]
[BlackElo "1849"]
[PlyCount "148"]
[EventDate "2009.10.18"]
[EventType "team-match"]
[EventCountry "FRA"]

1. d4 Nf6 2. g4 Nxg4 3. f3 Nf6 4. e4 d6 5. Bg5 g6 6. Nc3 c6 7. Qd2 Bg7 8. Bd3
e5 9. Nge2 O-O 10. O-O-O b5 11. h4 Qb6 12. d5 b4 13. Nb1 h5 14. Bh6 c5 15. Bxg7
Kxg7 16. f4 c4 17. Bxc4 Nxe4 18. Qe1 Nf2 19. fxe5 Nxd1 20. Kxd1 Bg4 21. Nd2
dxe5 22. Qg3 Nd7 23. Kc1 Rac8 24. b3 Qc7 25. Qd3 Nc5 26. Qe3 Qd6 27. Ng3 f5 28.
Qg5 Qf6 29. Re1 Qxg5 30. hxg5 Rfe8 31. Bb5 Re7 32. Nc4 e4 33. Ne2 Bxe2 34. Rxe2
Rd8 35. Bc6 f4 36. d6 Re6 37. Bd5 Ree8 38. Kd1 f3 39. Re3 Rf8 40. Ke1 Rf4 41.
Kf2 Rg4 42. c3 Rg2+ 43. Kf1 bxc3 44. Rxc3 Nd3 45. Bxe4 Rf2+ 46. Kg1 Rg2+ 47.
Kf1 Nc5 48. Bxf3 Rxg5 49. Bc6 Rf5+ 50. Kg2 Kf6 51. Re3 a6 52. a4 Nxb3 53. Rxb3
Rc5 54. Rf3+ Kg7 55. Bb7 Rxc4 56. Bxa6 Rxa4 57. Bb5 Ra2+ 58. Kg3 Rxd6 59. Bc4
Ra7 60. Kh3 Rc7 61. Bb3 Rdc6 62. Kg2 Rc3 63. Bd5 Rxf3 64. Bxf3 Kf6 65. Ba8 Rc3
66. Kh2 Kf5 67. Bd5 h4 68. Bf7 g5 69. Be8 g4 70. Bd7+ Kf4 71. Be6 Rc2+ 72. Kg1
Kg3 73. Kf1 Rc1+ 74. Ke2 h3 0-1

[Event "FRA T IV 0910"]
[Site "Midi-Pyrénées"]
[Date "2009.10.18"]
[Round "2.5"]
[White "Luneau, Gilles"]
[Black "Martin de la Moutte, Paul"]
[Result "1/2-1/2"]
[WhiteElo "1806"]
[BlackElo "1684"]
[PlyCount "88"]
[EventDate "2009.10.18"]
[EventType "team-match"]
[EventCountry "FRA"]

1. Nf3 g6 2. c4 Bg7 3. Nc3 d6 4. e4 Nc6 5. d3 Nf6 6. Be2 O-O 7. O-O Nd7 8. Be3
Nde5 9. h3 f5 10. Qd2 fxe4 11. Nxe4 Nxf3+ 12. Bxf3 Bxh3 13. Ng5 Rxf3 14. Nxf3
Qf8 15. Ng5 Bf5 16. Nf3 Bg4 17. Nh2 Be6 18. Rae1 Ne5 19. b3 Bf5 20. d4 Nd3 21.
Rd1 h5 22. Nf3 c5 23. Qe2 cxd4 24. Nxd4 Bxd4 25. Bxd4 e5 26. Be3 e4 27. f3 Qe7
28. fxe4 Qxe4 29. Rxd3 Qxd3 30. Qxd3 Bxd3 31. Rd1 Bf5 32. Rxd6 a6 33. Bg5 Re8
34. Kf2 Rf8 35. Kg3 Rf7 36. a3 Kg7 37. b4 Be4 38. c5 Bc6 39. Rd2 Rf5 40. Kh4
Rf1 41. Be3 Rf5 42. g3 Kf7 43. Bf4 Bb5 44. Rd6 Bc6 1/2-1/2

[Event "FRA T IV 0910"]
[Site "Midi-Pyrénées"]
[Date "2009.10.18"]
[Round "2.6"]
[White "Prest, Arnaud"]
[Black "Condeminas, Christian"]
[Result "1-0"]
[WhiteElo "1720"]
[BlackElo "1804"]
[PlyCount "143"]
[EventDate "2009.10.18"]
[EventType "team-match"]
[EventCountry "FRA"]

1. b3 e5 2. Bb2 Nc6 3. e3 d6 4. Bb5 Bd7 5. Nf3 a6 6. Bxc6 Bxc6 7. O-O Qf6 8.
Ne1 Qh6 9. f4 f6 10. fxe5 dxe5 11. Na3 Bc5 12. Nc4 Rd8 13. Qg4 Ne7 14. Nd3 Rxd3
15. cxd3 O-O 16. Nxe5 Bd6 17. Nxc6 Nxc6 18. h3 Ne5 19. Qe4 Rd8 20. Bxe5 Bxe5
21. d4 Bd6 22. Qxb7 a5 23. Qd5+ Kh8 24. Qxa5 Qh4 25. Rac1 Qg3 26. Rf3 Qg6 27.
Rxc7 Bxc7 28. Qxc7 Rg8 29. Rf1 Qh5 30. a4 Qe2 31. Qc3 Ra8 32. d5 h5 33. a5 Qb5
34. b4 Qxd5 35. Rc1 Rd8 36. Rb1 Qa2 37. Qb2 Rxd2 38. Qxa2 Rxa2 39. Kh2 Ra3 40.
b5 Rxa5 41. b6 Ra8 42. b7 Rb8 43. Kg3 g5 44. h4 Kg7 45. hxg5 fxg5 46. Rb6 Kf7
47. Kf3 Ke7 48. Ke4 Kd7 49. Kf5 g4 50. Kg5 g3 51. Kxh5 Kc7 52. Rb1 Rh8+ 53. Kg4
Rg8+ 54. Kf3 Kb8 55. e4 Rg5 56. Kf4 Rg8 57. Rb2 Rg7 58. e5 Rg6 59. Kf5 Rg8 60.
e6 Rf8+ 61. Kg4 Rf2 62. e7 Rxb2 63. e8=Q+ Kxb7 64. Kxg3 Rb6 65. Qe7+ Kc8 66.
Kf4 Rc6 67. g4 Rc7 68. Qe6+ Kd8 69. Kf5 Re7 70. Qd6+ Rd7 71. Qxd7+ Kxd7 72. Kf6
1-0

[Event "FRA T IV 0910"]
[Site "Midi-Pyrénées"]
[Date "2009.10.18"]
[Round "2.7"]
[White "David, Philippe"]
[Black "Deliot, Philippe"]
[Result "1-0"]
[WhiteElo "1600"]
[BlackElo "1590"]
[PlyCount "113"]
[EventDate "2009.10.18"]
[EventType "team-match"]
[EventCountry "FRA"]

1. e4 e5 2. Nf3 Nc6 3. d4 exd4 4. Nxd4 Qf6 5. Be3 Bc5 6. c3 Nge7 7. Nf5 Bxe3 8.
Nxe3 d6 9. Be2 Qg6 10. Bf3 Ne5 11. Nd2 Be6 12. Nb3 Bxb3 13. axb3 Nxf3+ 14. Qxf3
O-O 15. O-O Rfe8 16. Rfe1 Nc6 17. Nd5 Ne5 18. Qe2 Rad8 19. Rxa7 c6 20. Nf4 Qg5
21. Nh3 Qe7 22. Qe3 Ra8 23. Rea1 Rab8 24. f3 Qe6 25. c4 c5 26. Nf4 Qh6 27. Nd5
Qxe3+ 28. Nxe3 Nc6 29. R7a3 Nb4 30. Ra7 b5 31. cxb5 Rxb5 32. Rd7 d5 33. Nxd5
Nxd5 34. Rxd5 Reb8 35. Rad1 h6 36. Rd8+ Rxd8 37. Rxd8+ Kh7 38. Rd3 Kg6 39. h3
Kf6 40. Kh2 Ke6 41. g4 Rb4 42. Kg3 Rd4 43. Rxd4 cxd4 44. f4 Kd6 45. Kf3 Kc5 46.
Ke2 Kb4 47. Kd3 Kxb3 48. Kxd4 Kxb2 49. f5 Kb3 50. h4 Kb4 51. g5 hxg5 52. hxg5
Kb5 53. Kd5 Kb6 54. Kd6 Kb7 55. Kd7 g6 56. fxg6 fxg6 57. e5 1-0

[Event "FRA T IV 0910"]
[Site "Midi-Pyrénées"]
[Date "2009.10.18"]
[Round "2.1"]
[White "Ranc, Florian"]
[Black "Cwiek, Loic"]
[Result "0-1"]
[WhiteElo "1784"]
[BlackElo "1990"]
[PlyCount "84"]
[EventDate "2009.10.18"]
[EventType "team-match"]
[EventCountry "FRA"]

1. e4 c5 2. Nc3 Nc6 3. f4 g6 4. Nf3 Bg7 5. Bc4 e6 6. O-O Nge7 7. Qe1 O-O 8. a3
a6 9. Be2 b5 10. d3 Bb7 11. Be3 Nd4 12. Bd1 d5 13. Bf2 Nxf3+ 14. gxf3 d4 15.
Nb1 Nc6 16. Bh4 Bf6 17. Bg3 Re8 18. Qf2 h5 19. Qg2 Kh7 20. Nd2 Bg7 21. Re1 f5
22. Kh1 Ne7 23. Bh4 Rf8 24. exf5 Bf6 25. fxg6+ Nxg6 26. Bxf6 Qxf6 27. Ne4 Bxe4
28. fxe4 Nxf4 29. Qf3 e5 30. Be2 Rg8 31. Rg1 Qh4 32. Rxg8 Rxg8 33. Rg1 Rxg1+
34. Kxg1 Qe1+ 35. Bf1 Qc1 36. h3 Qxc2 37. b4 c4 38. dxc4 bxc4 39. Qf2 Qc1 40.
Qh4 Qe3+ 41. Kh2 Kg6 42. Bxc4 Qd2+ 0-1

[Event "FRA T IV 0910"]
[Site "Midi-Pyrénées"]
[Date "2009.10.18"]
[Round "2.2"]
[White "Gendre, Pascal"]
[Black "Ruault, Nicolas"]
[Result "1-0"]
[WhiteElo "1965"]
[BlackElo "1766"]
[PlyCount "151"]
[EventDate "2009.10.18"]
[EventType "team-match"]
[EventCountry "FRA"]

1. d4 g6 2. c4 Bg7 3. Nf3 d6 4. g3 Nc6 5. Bg2 e5 6. d5 Nce7 7. Nc3 Nf6 8. Qc2
Bd7 9. O-O O-O 10. e4 Ne8 11. Re1 f5 12. Ng5 h6 13. Ne6 Bxe6 14. dxe6 c6 15. b4
Qc8 16. b5 Qxe6 17. Qa4 Nf6 18. bxc6 bxc6 19. Ba3 Nd7 20. Rad1 Nb6 21. Qb3 Qxc4
22. Bxd6 Qxb3 23. axb3 Nbc8 24. Bc5 f4 25. Bh3 Kf7 26. Rd7 Bf6 27. Red1 g5 28.
Ra1 a6 29. Bf1 a5 30. b4 Ke8 31. Rb7 a4 32. Rxa4 Rxa4 33. Nxa4 Rf7 34. Bc4 Rg7
35. Be6 Kd8 36. Rd7+ Ke8 37. Nb6 Nxb6 38. Bxb6 Ng6 39. Rxg7 Bxg7 40. Kf1 Bf8
41. Ba5 Ke7 42. Bf5 Nh8 43. Ke2 Nf7 44. Kd3 Nd6 45. Kc3 Nxf5 46. exf5 Kf6 47.
g4 Ke7 48. Bc7 Bg7 49. Kc4 e4 50. Bb6 Kd7 51. Bd4 Bf8 52. Be5 Kc8 53. b5 cxb5+
54. Kxb5 e3 55. fxe3 f3 56. Bg3 Bd6 57. Bf2 Bxh2 58. Kc6 Kd8 59. Kd5 Ke7 60.
Ke4 Kf6 61. Be1 Be5 62. Kxf3 Bb2 63. e4 Be5 64. Bb4 Kf7 65. Ke3 Bb2 66. Bd6
Bc1+ 67. Kd4 Bd2 68. e5 Bc1 69. e6+ Ke8 70. Kd5 Bb2 71. Be5 Ba3 72. Bg7 Be7 73.
Bxh6 Bf6 74. Kd6 Be7+ 75. Ke5 Bd8 76. f6 1-0

[Event "FRA T IV 0910"]
[Site "Midi-Pyrénées"]
[Date "2009.10.18"]
[Round "2.3"]
[White "Barrera, Charles"]
[Black "Tatti, Guillaume"]
[Result "0-1"]
[WhiteElo "1730"]
[BlackElo "1790"]
[PlyCount "86"]
[EventDate "2009.10.18"]
[EventType "team-match"]
[EventCountry "FRA"]

1. d4 e6 2. Nf3 Nf6 3. g3 b6 4. Bg2 Bb7 5. O-O Be7 6. c4 O-O 7. Nc3 Ne4 8. Qc2
Nxc3 9. Qxc3 c5 10. e3 Bf6 11. Qd3 Qc7 12. a3 d6 13. Rb1 Nc6 14. b4 Rfd8 15. d5
exd5 16. cxd5 Ne7 17. e4 c4 18. Qc2 b5 19. Bg5 Bxg5 20. Nxg5 h6 21. Nf3 Ng6 22.
Qc3 a5 23. Nd4 Qb6 24. Nf5 f6 25. Rfd1 Bc8 26. Nd4 Bd7 27. f4 Ra7 28. Kh1 Rda8
29. Ra1 axb4 30. axb4 Ra4 31. h3 R8a6 32. Rxa4 Rxa4 33. Ra1 Qa7 34. Rxa4 Qxa4
35. Kh2 Kf7 36. f5 Ne5 37. Nc2 Qb3 38. Qd2 Qd3 39. Qc1 c3 40. Ne3 Nc4 41. Nc2
Nd2 42. Ne1 Qe3 43. Nc2 Nf3+ 0-1

[Event "FRA T IV 0910"]
[Site "Midi-Pyrénées"]
[Date "2009.10.18"]
[Round "2.4"]
[White "Parpinel, Mario"]
[Black "Artis, Francois"]
[Result "0-1"]
[WhiteElo "1751"]
[BlackElo "1780"]
[PlyCount "104"]
[EventDate "2009.10.18"]
[EventType "team-match"]
[EventCountry "FRA"]

1. d4 d5 2. Nf3 Nf6 3. e3 g6 4. Bd3 Bg7 5. O-O O-O 6. Re1 Nbd7 7. Nbd2 Re8 8.
c3 e5 9. dxe5 Ng4 10. Be2 Ngxe5 11. e4 Nf8 12. Nxe5 Rxe5 13. exd5 Rxd5 14. Bc4
Rd6 15. Qf3 Rf6 16. Qe2 Rf5 17. Nf3 Ne6 18. Be3 c6 19. Rad1 Qc7 20. Bxe6 Bxe6
21. Ng5 Qe7 22. Nxe6 Qxe6 23. a3 Re5 24. Qd2 Rd5 25. Bd4 Qd7 26. Qe2 Rd8 27. h3
c5 28. Bxg7 Rxd1 29. Bf6 Rxe1+ 30. Qxe1 Qd1 31. Kf1 Qxe1+ 32. Kxe1 Rd6 33. Bg5
Kf8 34. Be3 b6 35. Ke2 Ke7 36. b4 c4 37. a4 Rd3 38. Bd4 Kd6 39. a5 Kc6 40. axb6
axb6 41. f3 f5 42. g3 Kb5 43. g4 fxg4 44. hxg4 Ka4 45. f4 Rg3 46. f5 Rxg4 47.
f6 Rf4 48. Ke3 Rf5 49. Ke4 Kb5 50. Ke3 h5 51. Ke4 h4 52. Be3 h3 0-1

[Event "FRA T IV 0910"]
[Site "Midi-Pyrénées"]
[Date "2009.10.18"]
[Round "2.5"]
[White "Lagrave, Lucas"]
[Black "Philippe, Frederic"]
[Result "1-0"]
[WhiteElo "1690"]
[BlackElo "1750"]
[PlyCount "84"]
[EventDate "2009.10.18"]
[EventType "team-match"]
[EventCountry "FRA"]

1. d4 d5 2. c4 c6 3. Nf3 dxc4 4. a4 Nf6 5. Nc3 Bf5 6. e3 e6 7. Bxc4 Bb4 8. O-O
O-O 9. Bd2 Nbd7 10. Ne2 Qa5 11. Ng3 Bg6 12. Bxb4 Qxb4 13. Qe2 Nb6 14. b3 Nbd5
15. Bxd5 cxd5 16. Qb2 Nd7 17. Rfd1 h6 18. Ne2 Rfc8 19. Rac1 Rc6 20. Rxc6 bxc6
21. Rc1 c5 22. dxc5 Nxc5 23. Qc3 Qxc3 24. Rxc3 Na6 25. Ne5 Bb1 26. Nd4 Rb8 27.
Rc6 Nb4 28. Rc7 f6 29. Nd7 Re8 30. Rxa7 Rc8 31. h3 e5 32. Ne6 Rc1+ 33. Kh2 Nd3
34. Nb6 Nxf2 35. Rxg7+ Kh8 36. Nxd5 Rh1+ 37. Kg3 Ne4+ 38. Kh4 Ng5 39. Re7 Be4
40. Nxf6 Nxe6 41. Nxe4 Ng7 42. Rxe5 Rb1 1-0

[Event "FRA T IV 0910"]
[Site "Midi-Pyrénées"]
[Date "2009.10.18"]
[Round "2.6"]
[White "Ruault, Vincent"]
[Black "Figuier, Erik"]
[Result "0-1"]
[WhiteElo "1710"]
[BlackElo "1680"]
[PlyCount "110"]
[EventDate "2009.10.18"]
[EventType "team-match"]
[EventCountry "FRA"]

1. d4 Nf6 2. c4 g6 3. Nf3 Bg7 4. Nc3 d6 5. e3 O-O 6. Be2 b6 7. O-O Bb7 8. Re1
Nbd7 9. Bd2 Re8 10. Rc1 e5 11. d5 a5 12. Nb5 Nc5 13. Qc2 Nfd7 14. e4 Nf6 15.
Bf1 Ba6 16. Nc3 Nfd7 17. Bg5 f6 18. Be3 Rf8 19. Rcd1 h6 20. Nh4 Kh7 21. g3 Rf7
22. b3 Bf8 23. Bh3 Be7 24. Kh1 Kg7 25. Nf3 Qf8 26. g4 Qh8 27. Rg1 Raf8 28. Rg2
Bd8 29. Rdg1 Bc8 30. Nb5 Ba6 31. Nc3 Bc8 32. a3 Nb8 33. b4 Nb7 34. b5 Nd7 35.
Na4 Nbc5 36. Nxc5 Nxc5 37. Bxc5 dxc5 38. Rg3 Be7 39. Bf1 Rg8 40. a4 Kf8 41. Be2
Ke8 42. Rd1 Bd6 43. Kg2 Rgf8 44. Nh4 Qh7 45. Bd3 Be7 46. Rf1 Rg7 47. Nf3 h5 48.
g5 h4 49. gxf6 Bxf6 50. Rh3 Bxh3+ 51. Kxh3 g5 52. Rg1 g4+ 53. Rxg4 Rxg4 54.
Kxg4 Rg8+ 55. Kh3 Qd7# 0-1

[Event "FRA T IV 0910"]
[Site "Midi-Pyrénées"]
[Date "2009.10.18"]
[Round "2.7"]
[White "Nassar, Christophe"]
[Black "Dorleac, Joel"]
[Result "1-0"]
[WhiteElo "1730"]
[BlackElo "1650"]
[PlyCount "87"]
[EventDate "2009.10.18"]
[EventType "team-match"]
[EventCountry "FRA"]

1. e4 e6 2. d4 d5 3. Nc3 Nf6 4. e5 Nfd7 5. Nf3 c5 6. Be3 Nc6 7. Bb5 cxd4 8.
Nxd4 Ncxe5 9. Qh5 Nc4 10. Nxe6 g6 11. Qxd5 Nxe3 12. Nxd8 Nxd5 13. Nxf7 Nxc3 14.
Bxd7+ Bxd7 15. Nxh8 Na4 16. O-O-O Nxb2 17. Rhe1+ Be7 18. Kxb2 Rd8 19. Rd3 Bc6
20. Rxd8+ Kxd8 21. Nf7+ Ke8 22. Nd6+ Kd7 23. Ne4 a5 24. g3 b5 25. f4 a4 26. a3
b4 27. axb4 Bxb4 28. Nc3 Bd5 29. Rd1 a3+ 30. Kc1 Bxc3 31. Rxd5+ Kc6 32. Rd3 Bb4
33. Kb1 h5 34. Ka2 h4 35. gxh4 Be7 36. Rxa3 Bxh4 37. Ra6+ Kd5 38. Rxg6 Ke4 39.
Rg4 Be1 40. Rg1 Bd2 41. Rf1 Kf5 42. c4 Be3 43. Kb3 Ke4 44. Re1 1-0

[Event "FRA T IV 0910"]
[Site "Midi-Pyrénées"]
[Date "2009.10.18"]
[Round "2"]
[White "Rouveret, P."]
[Black "Nougayrede"]
[Result "1-0"]
[WhiteElo "1840"]
[BlackElo "1780"]
[PlyCount "83"]
[EventDate "2009.10.18"]
[EventType "team-match"]
[EventCountry "FRA"]

1. d4 d5 2. Nc3 Nf6 3. Bg5 e6 4. Nf3 Be7 5. Bxf6 Bxf6 6. e4 g6 7. e5 Bg7 8. h4
Nc6 9. h5 Bd7 10. Qd2 Qe7 11. a3 a6 12. Bd3 O-O-O 13. Na4 Nxd4 14. Nxd4 Bxa4
15. Qa5 c5 16. Qxa4 cxd4 17. f4 Qc5 18. Rh3 Kb8 19. O-O-O Rc8 20. b4 Qa7 21.
Qd7 Rc7 22. Qd6 Bf8 23. Qd8+ Rc8 24. Qf6 Rg8 25. Qxf7 Rg7 26. Qxe6 Rd8 27. Qf6
Rgd7 28. hxg6 hxg6 29. Rh8 Be7 30. Rxd8+ Bxd8 31. Qe6 b5 32. Bxg6 Qc7 33. Bf5
Qc3 34. Qxd7 Qa1+ 35. Kd2 Qc3+ 36. Ke2 Qe3+ 37. Kf1 Qxf4+ 38. Kg1 Qe3+ 39. Kh1
Bg5 40. Qc8+ Ka7 41. Qc7+ Ka8 42. Bd7 1-0

[Event "FRA T IV 0910"]
[Site "Midi-Pyrénées"]
[Date "2009.10.18"]
[Round "2"]
[White "Gregory , Georges"]
[Black "Tourenne, Dominique"]
[Result "0-1"]
[WhiteElo "1630"]
[BlackElo "1780"]
[PlyCount "56"]
[EventDate "2009.10.18"]
[EventType "team-match"]
[EventCountry "FRA"]

1. f4 d5 2. Nf3 Bf5 3. e3 Nf6 4. b3 e6 5. Bb2 Nbd7 6. Be2 h6 7. Ne5 Nxe5 8.
fxe5 Nd7 9. O-O Be7 10. Rxf5 exf5 11. e6 Nf6 12. exf7+ Kxf7 13. Bf3 c6 14. Qf1
Rf8 15. d3 Kg8 16. Nd2 Qd6 17. Qd1 Rae8 18. c4 Bd8 19. Nf1 dxc4 20. bxc4 Ng4
21. Bxg4 fxg4 22. Qxg4 Bf6 23. d4 Qb4 24. Qe2 c5 25. Qc2 cxd4 26. Bxd4 Bxd4 27.
exd4 Re1 28. Rd1 Rfxf1# 0-1

[Event "FRA T IV 0910"]
[Site "Midi-Pyrénées"]
[Date "2009.10.18"]
[Round "2"]
[White "Bashaev, Serguei"]
[Black "Huchet, Francois"]
[Result "1/2-1/2"]
[WhiteElo "1860"]
[BlackElo "1978"]
[PlyCount "60"]
[EventDate "2009.10.18"]
[EventType "team-match"]
[EventCountry "FRA"]

1. e4 c5 2. Nf3 e6 3. Nc3 Nc6 4. d4 cxd4 5. Nxd4 d6 6. Bb5 Bd7 7. O-O Nf6 8.
Be3 a6 9. Nxc6 bxc6 10. Bd3 Be7 11. Qe2 a5 12. f4 Qc7 13. Rae1 O-O 14. Bf2 a4
15. e5 Nd5 16. Nxd5 cxd5 17. Bd4 g6 18. Rf3 f5 19. exf6 Bxf6 20. Bxf6 Rxf6 21.
b3 Qc5+ 22. Qf2 axb3 23. cxb3 Qb4 24. Rf1 Bc6 25. Rh3 Qc5 26. Qxc5 dxc5 27. Re3
Bd7 28. g3 Ra3 29. Ree1 Rf8 30. Ra1 Rfa8 1/2-1/2

[Event "FRA T IV 0910"]
[Site "Midi-Pyrénées"]
[Date "2009.10.18"]
[Round "2"]
[White "De Jong, Arjen"]
[Black "Steffens, David"]
[Result "0-1"]
[WhiteElo "1830"]
[BlackElo "1840"]
[PlyCount "91"]
[EventDate "2009.10.18"]
[EventType "team-match"]
[EventCountry "FRA"]

1. e4 e5 2. f4 exf4 3. Nf3 Be7 4. h4 d6 5. d4 Bg4 6. Bxf4 Bxh4+ 7. g3 Be7 8.
Qd3 Nc6 9. Nbd2 h6 10. O-O-O Qd7 11. Qc3 O-O-O 12. Bb5 a6 13. Ba4 b5 14. Bb3
Bf6 15. e5 Be7 16. Bd5 Nb8 17. Nb3 Be6 18. Be4 d5 19. Bd3 Nc6 20. Nc5 Bxc5 21.
Qxc5 Na5 22. Qa3 Nb7 23. Qxa6 c6 24. a4 bxa4 25. Qxa4 Ne7 26. Ba6 Qc7 27. Rd3
Kd7 28. Rb3 Rb8 29. Bd2 Nf5 30. Rg1 h5 31. Nh4 Ra8 32. Nxf5 Bxf5 33. Rf1 Be6
34. Rff3 Ra7 35. Ra3 Rha8 36. Rfb3 Rxa6 37. Qb4 Na5 38. Rf3 Nc4 39. Rxa6 Rxa6
40. c3 Nxd2 41. Kxd2 Rb6 42. Qa3 Qb8 43. Kc2 g6 44. Qd6+ Qxd6 45. exd6 Kxd6 46.
b3 0-1

[Event "FRA T IV 0910"]
[Site "Midi-Pyrénées"]
[Date "2009.10.18"]
[Round "2"]
[White "Masot, Liberto"]
[Black "Ravon, Michel"]
[Result "1/2-1/2"]
[WhiteElo "1774"]
[BlackElo "1530"]
[PlyCount "71"]
[EventDate "2009.10.18"]
[EventType "team-match"]
[EventCountry "FRA"]

1. f4 e5 2. fxe5 d6 3. exd6 Bxd6 4. Nf3 Bg4 5. g3 Nf6 6. Bg2 Nc6 7. d4 Bxf3 8.
Bxf3 Nxd4 9. Bxb7 O-O 10. O-O Qe7 11. e3 Rab8 12. exd4 Rxb7 13. b3 c5 14. Bg5
h6 15. Bxf6 gxf6 16. Qf3 cxd4 17. Nd2 Qe3+ 18. Qxe3 dxe3 19. Ne4 Be5 20. Rae1
Kg7 21. Rf3 Rc8 22. c3 Rxc3 23. Nxc3 Bxc3 24. Rfxe3 Bd4 25. Kf1 Bxe3 26. Rxe3
Rc7 27. Kf2 f5 28. a4 Kf6 29. h4 a5 30. Kf3 Rb7 31. Rc3 Rb4 32. Rc6+ Kg7 33.
Rc3 Kg6 34. Ke3 h5 35. Rc6+ Kg7 36. Rc3 1/2-1/2